Представление документа в формате RUSMARC

ПолеНазваниеЗначение
  Тип записи a
  Библиографический уровень m
001 Контрольный номер RU/IS/BASE/614429534
005 Дата корректировки 20240207193831.6
010 Индекс ISBN __
a ISBN 978-5-17-113151-7
d Цена 190 р. 00 к.
b Уточнения в пер.
9 Тираж 5000 экз.
100 Данные общей обработки __
a Данные общей обработки 20190621d2019 ||| 0rusy0189 ca
101 Язык документа 0_
a Язык текста rus
102 Страна публикации __
a Страна публикации RU
105 Кодированные данные (монография) __
a Кодированные данные (монография) y###||||000|y
200 Заглавие и сведения об ответственности 1_
a Заглавие Финист - ясный сокол
b Общее обозначение материала Текст
e Сведения, относящиеся к заглавию роман
f Первые сведения об ответственности Андрей Рубанов
210 Выходные данные 1_
a Место издания Москва
c Издательство АСТ
c Издательство Редакция Елены Шубиной
d Дата издания 2019
215 Физическое описание __
a Объем 567, [1] с.
d Формат 22 см.
225 Серия 1_
a Серия Проза Андрея Рубанова
300 Общие примечания __
a Общие примечания 18+
300 Общие примечания __
a Общие примечания Роман в 3-х сказах: Глумила, Кожедуб, Разюойник
300 Общие примечания __
a Общие примечания На обл.: Содерж. нецензурную брань
606 Тематические рубрики 1_
a Основная рубрика Русская литература, 21 в. - Романы
608 Указатель предметных рубрик __
a Жанр/форма роман
610 Ключевые слова 1_
a Ключевые слова ведьмы (х. л.)
a Ключевые слова военное снаряжение (х. л.)
a Ключевые слова волхвы (х. л.)
a Ключевые слова историческая фантастика
a Ключевые слова оборотни (х. л.)
a Ключевые слова романы о любви
a Ключевые слова сказы о любви
a Ключевые слова скоморохи (х. л.)
a Ключевые слова славянская мифология
a Ключевые слова славянское фэнтези
686 Индексы других классификаций __
a Классификационный индекс Р2
2 Код системы rubbk
700 Автор _1
a Фамилия Рубанов
b Имя (инициалы) Андрей Викторович
g Полное личное имя А. В.
801 Источник записи _0
a Страна RU
b Организация Ульяновская ОБДЮ
c Дата составления 20190621
g Правила каталогизации RCR
801 Источник записи _1
a Страна RU
b Организация Ульяновская ОБДЮ
c Дата составления 20190621
g Правила каталогизации RCR
852 Данные о местонахождении __
a Наименование организации Ульяновская ОБДЮ
i Авторский знак Р 82
j Шифр хранения Р2
901 Тип документа __
t Тип документа m
909 Создатель записи __
a Создатель записи Глинкина Н.П.
910 Корректоры записи __
a Корректор записи Мельник В.В.
919 __
a Мельник В.В.
c Глинкина Н.П.
f Ульяновское землячество
g 201908
938 Служебная информация __
a Имя БД MarkBase